Statistics for Highest All-Time Goalscorers in UEFA Women's Champions League

Click here to take the quiz!

General Stats

  • This quiz has been taken 27 times
  • The average score is 7 of 22

Answer Stats

#GoalsGamesYearsMain Team(s)NationalityAnswer% Correct
1919622012-BarcelonaSpainAlexia Putellas
80%
335462014-'15, 2016-Wolfsburg, ChelseaDenmarkPernille Harder
72%
827852008-'11, 2012-Wolfsburg, DuisburgGermanyAlexandra Popp
68%
2217322006-'08, 2013-'17FC Rosengård, Umeå IKBrazilMarta
60%
730962007-Olympique LyonFranceWendie Renard
60%
159612012-'20, 2021-Olympique Lyon, Turbine PotsdamNorwayAda Hegerberg
56%
1022262015-'17, 2019-'20, 2021-Arsenal, Bayern MunichNetherlandsVivianne Miedema
56%
247882010-Olympique LyonFranceEugénie Le Sommer
52%
1520402015-'16, 2017-ChelseaEnglandFran Kirby
44%
1719462009-'14, 2019-'20, 2021-ArsenalScotlandKim Little
44%
1421532010-'12, 2013-'17, 2018-'22Barcelona, Rayo VallecanoSpainJennifer Hermoso
32%
1121282014-2022Paris Saint-GermainFranceMarie-Antoinette Katoto
20%
632472008-2017Olympique Lyon, FC RosengårdSwedenLotta Schelin
12%
2019632010-Wolfsburg, FC MalmöIcelandSara Björk Gunnarsdóttir
12%
435582004-'06, 2009-'19Turbine Potsdam, FC MalmöGermanyAnja Mittag
8%
2118172008-'11, 2012-'13Duisburg, FC ZurichGermanyInka Grings
8%
533552007-'08, 2010-'18Olympique LyonFranceCamille Abily
4%
924232004-'06, 2007-'08, 2012-'14Wolfsburg, Turbine PotsdamGermanyConny Pohlers
4%
1619252012-2015WolfsburgGermanyMartina Muller
4%
1221322009-'13, 2014-'16Turbine Potsdam, Eintracht FrankfurtJapanYūki Nagasato
4%
1321452012-2021WolfsburgHungaryZsanett Jakabfi
4%
1819502007-2016Olympique LyonFranceLouisa Cadamuro
0%

Score Distribution

Percentile by Number Answered

Percent of People with Each Score

Your Score History

You have not taken this quiz